Tennis

Bibliographic Details
Main Author: Rathakrishnan, L.D (Author)
Format: Book
Language:English
Published: Subang Jaya : Future Text Publications Sdn Bhd 2006
Series:Know your sport
Subjects:

MARC

LEADER 00000cam a2200000 7i4500
001 0000019906
005 20241101.0
008 270813 my a eng
020 |a 983300427X 
040 |a INS   |b eng   |e rda 
090 0 0 |a GV995   |b .R39 2006 
100 1 |a Rathakrishnan, L.D. ,   |e author 
245 1 0 |a Tennis   |c L.D. Rathakrishnan 
264 1 |a Subang Jaya :   |b Future Text Publications Sdn Bhd   |c 2006 
300 |a 30 pages :   |b colour illustrations ;   |c 26 cm. 
336 |a text  |2 rdacontent 
337 |a unmediated  |2 rdamedia 
338 |a volume  |2 rdacarrier 
490 0 |a Know your sport 
650 0 |a Tennis 
999 |a 0000019011   |b BOOK   |c Open Shelf   |e Default branch